Wszyscy Mistrzowie Ligi Portugalskiej - Statystyki

Ogólne statystyki
  • Ten quiz został rozwiązany 250 razy
  • Średni wynik to 3 z 5
Statystyki odpowiedzi
Ilość Tytułów Klub % Poprawnych
28 FC Porto
97%
37 Benfica
96%
18 Sporting
96%
1 Boavista
36%
1 Belenenses
14%
Nie znaleziono quizów pasujących do podanych kryteriów
Rozkład punktacji
Procent ludzi z każdym wynikiem
Percentyl według liczby udzielonych odpowiedzi
Twoja historia wyników
Nie rozwiązałeś tego quizu